000 00546cam a22001931 4500
001 af 48003414
003 DLC
005 20260227110902.0
008 890614s1942 ne 000 0 dut c
010 _aaf 48003414
035 _a(OCoLC)19869431
040 _aCalifornia. Univ. Libr.
_cCU
_dDLC
042 _apremarc
050 0 0 _aPT5844.I5
_bO5
100 2 _aIJssel de Schepper-Becker, Johanna Maria,
_d1885-
245 1 0 _aOntmoeting met het leven en met den dood.
260 _aAmsterdam,
_bP.N. van Kampen
_c[1942]
300 _a118 p.
_c20 cm.
999 _c5579
_d5579